000 00245nmm a2200085Ia 4500
008 220120s9999||||xx |||||||||||||||||und||
100 _aPCQ
245 0 _aOpen source business, intellegence, HRM and accounting siftw
260 _aCyber media Pvt. Ltd.
999 _c139981
_d139981